| 000 | 01093nam0a22003131 4500 | ||
|---|---|---|---|
| 001 | v19\rc\1744232 | ||
| 005 | 20250619060534.0 | ||
| 035 | _a(NLR Aleph) 004850419 | ||
| 090 |
_a4915302 _c4915302 |
||
| 100 | _a20061204d1902 |||y0rusy50 ca | ||
| 101 | 1 |
_arus _ceng |
|
| 102 | _aRU | ||
| 105 | _ay z |||a| | ||
| 200 | 1 |
_aПоздно _eДва рассказа: [Братья; Злопамятная] _fГеорг Крабб |
|
| 210 |
_aСанкт-Петербург _cМ.Н. Слепцова _dценз. 1902 |
||
| 215 |
_a48 с. _d18 |
||
| 225 | 1 |
_aКнижка за книжкой _vКн. 114 |
|
| 309 | _aБез тит. л. | ||
| 327 | 0 | _aС. 35-48: Георг Крабб: Биогр. очерк | |
| 464 | 0 |
_12001#$aГеорг Крабб$eБиогр. очерк _1215##$aС. 35-48 _tГеорг Крабб |
|
| 700 | 1 |
_aКрабб _bД. _f1754-1832 _gДжордж |
|
| 801 | 0 |
_aRU _bNLR _gpsbo |
|
| 801 | 0 |
_aRU _bRuMoRGB _2psbo |
|
| 801 | 1 |
_aRU _bProSoft-M _2rusmarc |
|
| 852 |
_aNLR _j38.35.4.10 |
||
| 899 |
_aRuMoRGB _jA 209/14 (кн. 114) |
||
| 899 | _aБАН | ||
| 942 | _cBOOK | ||
| 980 | _aNB | ||